| 000 | 00973nam a2200169 i 4500 | ||
|---|---|---|---|
| 001 | 158470 | ||
| 003 | ES-MaACL | ||
| 005 | 20230906211149.0 | ||
| 008 | 950111s1871 sp |||| | spa d | ||
| 100 | 1 |
_aMaestre, Amalio ( _d1812-1872) _9129332 |
|
| 245 | 1 | 0 |
_aDeterminacion de las especies minerales por el sistema químico de Mr. F. Kobell / _cmodificado y ampliado por Amalio Maestre. |
| 260 |
_aMadrid : _b[s.n.], _c1871 ( _fImp. de Segundo Martínez) |
||
| 300 |
_a88, [8] p., [1] h. pleg. ; _c23 cm. |
||
| 650 | 4 |
_aMinerales- _xAnálisis. _9167511 |
|
| 852 |
_aES-MaACL _jT-354-F-6 _z- Enc. hol. _z. - Ex-libris ms. de Gustavo Saenz Díez _z. - Ded. ms. Francisco Javier Ainsua a los Escolares Médicos _q- Falto de cub. original _z- Enc. en un vol. facticio |
||
| 852 |
_aES-MaACL _jT-906-F-1 _z-- Enc. hol. _z-- Donación de Federico de Botella y de Hornos _z-- An. ms.: ded. del autor a Federico de Botella _q-- Falto de la cub. original _z-- Enc. en un vol. facticio |
||
| 999 |
_c158470 _d158470 |
||